| 000 | 00903nam a2200253 i 4500 | ||
|---|---|---|---|
| 001 | 17417 | ||
| 003 | ES-MaACL | ||
| 005 | 20250919063021.0 | ||
| 007 | t| | ||
| 008 | 010302s1996 sp ||||1| spa d | ||
| 020 | _a84-340-0887-4 | ||
| 080 | _a340.12 | ||
| 100 | 0 |
_aSmith, Adam, _d1723-1790 _9106844 |
|
| 245 | 1 | 0 |
_aLecciones de jurisprudencia / _cAdam Smith ; traducción del inglés y estudio preliminar de Alfonso Ruiz Miguel. |
| 260 |
_aMadrid : _bBoletín Oficial del Estado : _bCentro de Estudios Constitucionales, _c1996. |
||
| 300 |
_aLXX, 224 p. ; _c21 cm. |
||
| 490 | 1 | _aClásicos políticos | |
| 650 | 4 |
_aDerecho- _xFilosofía _911620 |
|
| 710 | 2 |
_aBoletín Oficial del Estado (España) _92229 |
|
| 710 | 2 |
_aCentro de Estudios Constitucionales (España) _92618 |
|
| 830 | 0 |
_aClásicos políticos _9180270 |
|
| 852 |
_aES-MaACL _jL-24395 _bR.129492 |
||
| 999 |
_c17417 _d17417 |
||